000
nam a22 7a 4500
999
_c
329239
_d
329239
003
Nust
005
20170427200356.0
008
170427b xxu||||| |||| 00| 0 eng d
040
_c
DLC
082
_a
891.4393 SIN
100
_a
بلونت سنگھ
245
_a
رات چوراور چاند
300
_a
352p. :
942
_2
ddc
_c
BK